Baby Names: 'H' & 'I' Girl Names by Decade Quiz Stats

 Plays Quiz Updated Apr 14, 2017

Challenge
Share
Tweet
Embed
Score 0/59 Timer 08:00
13 Plays Today
Decade Name % Correct
1980sHannah
77.7%
1990sHannah
77.7%
2000sHannah
77.7%
2000sIsabel
75.2%
1880sHelen
73%
1890sHelen
73%
1900sHelen
73%
1910sHelen
73%
1920sHelen
73%
1930sHelen
73%
1940sHelen
73%
1950sHelen
73%
1960sHelen
73%
1880sIrene
64.7%
1890sIrene
64.7%
1900sIrene
64.7%
1910sIrene
64.7%
1920sIrene
64.7%
1930sIrene
64.7%
1940sIrene
64.7%
1950sIrene
64.7%
2000sIsabella
64.5%
1920sHarriet
60.6%
1930sHarriet
60.6%
1940sHarriet
60.6%
1950sHolly
57.2%
1960sHolly
57.2%
1970sHolly
57.2%
1980sHolly
57.2%
1990sHolly
57.2%
Decade Name % Correct
1960sHeather
54.6%
1970sHeather
54.6%
1980sHeather
54.6%
1990sHeather
54.6%
1880sIda
48.2%
1890sIda
48.2%
1900sIda
48.2%
1910sIda
48.2%
1920sIda
48.2%
1930sIda
48.2%
1940sIda
48.2%
1990sHaley
43.4%
2000sHaley
43.4%
1990sHailey
43.1%
2000sHailey
43.1%
1880sHattie
36.3%
1890sHattie
36.3%
1900sHattie
36.3%
1910sHattie
36.3%
1960sHeidi
34.9%
1970sHeidi
34.9%
1980sHeidi
34.9%
1880sHazel
29.9%
1890sHazel
29.9%
1900sHazel
29.9%
1910sHazel
29.9%
1920sHazel
29.9%
1930sHazel
29.9%
1940sHazel
29.9%

You're not logged in!

Compare scores with friends on all Sporcle quizzes.
Join for Free
OR
Log In

You Might Also Like...

Show Comments

Extras

Top Quizzes Today


Score Distribution

Your Account Isn't Verified!

In order to create a playlist on Sporcle, you need to verify the email address you used during registration. Go to your Sporcle Settings to finish the process.

Report this User

Report this user for behavior that violates our Community Guidelines.

Details: